| 000 | 00478nam a2200181 a 4500 | ||
|---|---|---|---|
| 001 | 13949 | ||
| 003 | CO-ViMGA | ||
| 008 | 141112s2004 ck r 000 u spa d | ||
| 040 |
_aCO-ViMGA _bspa _cCO-ViMGA |
||
| 082 | 0 | 4 | _a796.21 D434i |
| 100 | 1 |
_aDiego, Nunchi de _920359 |
|
| 245 | 1 | 0 | _aIniciacion al patinaje artistico sobre ruedas |
| 260 |
_aMadrid : _bGymnos, _c1996 |
||
| 300 | _a155 | ||
| 650 | 1 | 4 |
_aPATINAJE _920360 |
| 650 | 1 | 4 |
_aPATINAJE ARTISTICO _920361 |
| 942 |
_2ddc _cBK |
||
| 999 |
_c24650 _d24650 |
||